Washington Capitals Roster 2026 - Statistics

General Stats
  • This quiz has been taken 650 times
    158 since last reset
  • The average score is 16 of 25
Answer Stats
# Birthplace Player % Correct
Forwards 8 Moskva, RUS Alex Ovechkin
100%
Forwards 43 Ontario, CAN Tom Wilson
89%
Goaltenders 48 Alberta, CAN Logan Thompson
87%
Forwards 17 Ontario, CAN Dylan Strome
84%
Defencemen 74 Massachusetts, USA John Carlson
83%
Forwards 80 Quebec, CAN Pierre-Luc Dubois
80%
Forwards 21 Vitebsk, BLR Aliaksei Protas
77%
Goaltenders 79 Minnesota, USA Charlie Lindgren
77%
Defencemen 6 Florida, USA Jakob Chychrun
76%
Forwards 9 Massachusetts, USA Ryan Leonard
73%
Forwards 24 Ontario, CAN Connor McMichael
64%
Defencemen 38 Uppland, SWE Rasmus Sandin
64%
Defencemen 42 Bratislava, SVK Martin Fehérváry
60%
Defencemen 3 Michigan, USA Matt Roy
59%
Forwards 26 Alabama, USA Nic Dowd
59%
Forwards 72 Quebec, CAN Anthony Beauvillier
57%
Defencemen 57 New Jersey, USA Trevor van Riemsdyk
56%
Forwards 34 British Columbia, CAN Justin Sourdif
53%
Forwards 22 Florida, USA Brandon Duhaime
49%
Forwards 15 New York, USA Sonny Milano
47%
Forwards 29 Quebec, CAN Hendrix Lapierre
45%
Forwards 53 Nebraska, USA Ethen Frank
44%
Defencemen 52 Manitoba, CAN Dylan McIlrath
37%
Defencemen 47 Ontario, CAN Declan Chisholm
27%
Forwards 87 Voronezh, RUS Bogdan Trineyev
19%
No matching quizzes found
Score Distribution
Percent of People with Each Score
Percentile by Number Answered
Your Score History
You have not taken this quiz since the last reset